000 00589nam a2200229Ia 4500
003 OSt
005 20220924153514.0
006 a|||||r|||| 00| 0
007 ta
008 220923b |||||||| |||| 00| 0 kan d
024 _a350445
037 _cTextual
040 _aARTS
_cARTS
_bkan
041 _2kan
_akan
082 _aO33vN9, N9
100 _aJavaraiah M N Au.
_9228819
245 0 _aHattu shatamaangala kannada sahitya
260 _c1999
650 _aKANNAD LITERATURE
942 _hO33vN9, N9
_cTEXL
_2CC
999 _c473808
_d473808